Rekthapushpanjali(രക്തപുഷ്പാഞ്ജലി) (Record no. 116165)
[ view plain ]
| 000 -LEADER | |
|---|---|
| fixed length control field | 00442 a2200157 4500 |
| 005 - DATE AND TIME OF LATEST TRANSACTION | |
| control field | 20260429144959.0 |
| 008 - FIXED-LENGTH DATA ELEMENTS--GENERAL INFORMATION | |
| fixed length control field | 260427b |||||||| |||| 00| 0 eng d |
| 020 ## - INTERNATIONAL STANDARD BOOK NUMBER | |
| International Standard Book Number | 9789359597553 |
| 080 ## - UNIVERSAL DECIMAL CLASSIFICATION NUMBER | |
| Universal Decimal Classification number | FM |
| Item number | THA/R |
| 100 ## - MAIN ENTRY--PERSONAL NAME | |
| Personal name | Thampi,P.V |
| 245 ## - TITLE STATEMENT | |
| Title | Rekthapushpanjali(രക്തപുഷ്പാഞ്ജലി) |
| 260 ## - PUBLICATION, DISTRIBUTION, ETC. (IMPRINT) | |
| Name of publisher, distributor, etc | Manorama books |
| Place of publication, distribution, etc | Kottayam |
| Date of publication, distribution, etc | 2025 |
| 300 ## - PHYSICAL DESCRIPTION | |
| Extent | 216p. |
| 653 ## - INDEX TERM--UNCONTROLLED | |
| Uncontrolled term | Fiction-Novel-Malayalam Literature |
| 942 ## - ADDED ENTRY ELEMENTS (KOHA) | |
| item type | Books |
| Lost status | Source of classification or shelving scheme | Not for loan | Home library | Current library | Date acquired | Cost, normal purchase price | Total Checkouts | Full call number | Barcode | Date last seen | Cost, replacement price | Price effective from | Koha item type | Public note |
|---|---|---|---|---|---|---|---|---|---|---|---|---|---|---|
| Universal Decimal Classification | Not For Loan | University Library | University Library | 19/03/2026 | 193.34 | FM THA/R | 00098240 | 19/03/2026 | 290.00 | 19/03/2026 | Books | processing |
